Online katalóg knižníc regiónu Turca

Glee (Record no. 21972)

MARC details
000 -LEADER
fixed length control field 01880cam a2200493 a 4500
001 - CONTROL NUMBER
control field 21972
003 - CONTROL NUMBER IDENTIFIER
control field VRT
005 - DATE AND TIME OF LATEST TRANSACTION
control field 20260317073745.0
008 - FIXED-LENGTH DATA ELEMENTS--GENERAL INFORMATION
fixed length control field 240314s2010 xo g 000 f slo
015 ## - NATIONAL BIBLIOGRAPHY NUMBER
National bibliography number SNBA2011/05-02866
020 ## - INTERNATIONAL STANDARD BOOK NUMBER
International Standard Book Number 9788055124490
Qualifying information (viaz.)
035 ## - SYSTEM CONTROL NUMBER
System control number B172A426-75C6-4B76-8755-CC4768311B21
035 ## - SYSTEM CONTROL NUMBER
System control number urn:nbn:sk:snk-amjh8u
035 ## - SYSTEM CONTROL NUMBER
System control number urn:nbn:sk:snk-am001sh4
039 #9 - LEVEL OF BIBLIOGRAPHIC CONTROL AND CODING DETAIL [OBSOLETE]
Level of rules in bibliographic description 202403141557
Level of effort used to assign nonsubject heading access points VLOAD
Level of effort used to assign subject headings 202208151216
Level of effort used to assign classification AUTHORITY
Level of effort used to assign subject headings 202208151200
Level of effort used to assign classification AUTHORITY
Level of effort used to assign subject headings 201808091555
Level of effort used to assign classification VLOAD
040 ## - CATALOGING SOURCE
Original cataloging agency SVKBB
Language of cataloging slo
Transcribing agency SVKBB
Modifying agency SNK
Description conventions AACR2
041 1# - LANGUAGE CODE
Language code of text/sound track or separate title slo
Language code of original eng
044 ## - COUNTRY OF PUBLISHING/PRODUCING ENTITY CODE
MARC country code xo
ISO country code SK
072 #7 - SUBJECT CATEGORY CODE
Subject category code 821.111(73)-3
Subject category code subdivision Americká próza
Source konspekt
072 #7 - SUBJECT CATEGORY CODE
Subject category code 821-93
Subject category code subdivision Literatúra pre deti a mládež (beletria)
Source konspekt
080 ## - UNIVERSAL DECIMAL CLASSIFICATION NUMBER
Universal Decimal Classification number 821.111(73)-31
Edition identifier 2001
080 ## - UNIVERSAL DECIMAL CLASSIFICATION NUMBER
Universal Decimal Classification number 821-93
Edition identifier 2001
100 1# - MAIN ENTRY--PERSONAL NAME
Personal name Lowell, Sophia
Relationship aut
240 00 - UNIFORM TITLE
Uniform title Glee - Start
Language of a work Slovensky
245 10 - TITLE STATEMENT
Title Glee
Remainder of title začíname
Statement of responsibility, etc. Sophia Lowellová ; podľa seriálu tvorcov Ryana Murphyho & Brada Falchuka & Iana Brennana ; [z anglického originálu preložila Zuzana Gašparovičová]
260 ## - PUBLICATION, DISTRIBUTION, ETC.
Place of publication, distribution, etc. Bratislava
Name of publisher, distributor, etc. Ikar
Date of publication, distribution, etc. 2011
300 ## - PHYSICAL DESCRIPTION
Extent 173 s.
Dimensions 21 cm
655 #7 - INDEX TERM--GENRE/FORM
Genre/form data or focus term americké romány
Source of term SNKPH
655 #7 - INDEX TERM--GENRE/FORM
Genre/form data or focus term publikácie pre mládež
Source of term SNKPH
655 #7 - INDEX TERM--GENRE/FORM
Genre/form data or focus term American novels
Source of term SNKPHeng
655 #7 - INDEX TERM--GENRE/FORM
Genre/form data or focus term Juvenille literature
Source of term SNKPHeng
700 1# - ADDED ENTRY--PERSONAL NAME
Personal name Gašparovičová, Zuzana
Relationship trl
700 1# - ADDED ENTRY--PERSONAL NAME
Personal name Murphy, Ryan
Relationship oth
700 1# - ADDED ENTRY--PERSONAL NAME
Personal name Falchuk, Brad
Relationship oth
700 1# - ADDED ENTRY--PERSONAL NAME
Personal name Brenn, Ian
Relationship oth
942 ## - ADDED ENTRY ELEMENTS (KOHA)
Source of classification or shelving scheme Dewey Decimal Classification
Koha item type Krásna literatúra pre deti
Suppress in OPAC No
949 ## - LOCAL PROCESSING INFORMATION (OCLC)
6 270001000381894
a svkbbA 130753
b svkbbm 716792
949 ## - LOCAL PROCESSING INFORMATION (OCLC)
6 17A0691101
a snkSC 144538
b snk2011/6030
o 801/11
949 ## - LOCAL PROCESSING INFORMATION (OCLC)
6 17A0691100
a snkSC 144538 D1
b snk2011/6031
o 801/11
s 6100:20140925
949 ## - LOCAL PROCESSING INFORMATION (OCLC)
6 2889170489
a savukPV 14631
b savuk2011/2546
949 ## - LOCAL PROCESSING INFORMATION (OCLC)
6 273K0531308
a svkpoA 210911
b svkpo537584
980 ## - EQUIVALENCE OR CROSS-REFERENCE-SERIES STATEMENT--PERSONAL NAME/TITLE [LOCAL, CANADA]
Personal name 821.111(73)-31
Holdings
Stav vyradenia Strata Poškodenie Spôsob nadobudnutia Domovská knižnica Aktuálna knižnica Dátum nadobudnutia Total checkouts Čiarový kód exemplára Date last seen Typ exemplára
      Dar Obecná knižnica Turčianska Štiavnička Obecná knižnica Turčianska Štiavnička 17.03.2026   4738000426 17.03.2026 Krásna literatúra pre deti
Projekt je podporený Slovenskou asociáciou knižníc
Prevádzkuje Turčianska knižnica Martin 2026